000 01269nam a2200241Ii 4500
003 JO-AjNU
005 20240624100844.0
008 230605s9999||||xx |||||||||||||| ||und||
040 _aJO-AjNU
_bara
_erda
_cJO-AjNU
041 _aara
050 1 4 _aHD58.82.2021
100 _aشقاقحة، علاء محمد سلامة
_eمعد
_965506
245 0 0 _aدور المنظمة المتعلمة في تحقيق البراعة التنظيمية لدى موظفي المستشفيات الخاصة في الاردن = The Role of Learning Organization in Achieving Organizational Prowess for Private Hospital Staff in Jordan
_c/ اعداد علاء محمد سلامة شقاقحة ؛ اشراف علي فلاح مفلح الزعبي
264 3 1 _a2021
300 _a157 ورقة
336 _atext
_btxt
_2rdacontent
337 _aunmediated
_bn
_2rdamedia
338 _avolume
_bnc
_2rdacarrier
500 _aرسالة جامعية(اطروحة ماجستير) جامعة عجلون الوطنية، كلية ادارة الاعمال، تخصص ادارة الاعمال، 2021
650 4 _aالبراعة التنظمية- المستشفيات الخاصة-الاردن
_961417
700 _aعلي فلاح مفلح الزعبي
_eمشرف
_965510
942 _2lcc
_cTHS
999 _c31328
_d31328